Most-Visited Countries by Turkish Citizens - Statistics

General Stats
  • This quiz has been taken 850 times
  • The average score is 16 of 20
Answer Stats
# 2006 # 2016 Country % Correct
369 k 531 k Germany
96%
59 k 51 k United Kingdom
96%
241 k 785 k Greece
95%
139 k 83 k Russia
92%
70 k 136 k France
91%
150 k 313 k USA
91%
102 k 215 k Italy
90%
32 k 110 k Spain
87%
581 k 782 k Bulgaria
86%
147 k 212 k Azerbaijan
81%
128 k 243 k Iran
80%
6 k 34 k Canada
76%
57 k 1.1 m Georgia
73%
43 k 87 k Netherlands
73%
67 k 114 k Ukraine
68%
1 k 13 k Sweden
66%
45 k 81 k Austria
65%
24 k 61 k Switzerland
60%
9 k 14 k Denmark
53%
5 k 16 k Israel
52%
No matching quizzes found
Score Distribution
Percent of People with Each Score
Percentile by Number Answered
Your Score History
You have not taken this quiz